000 00210nam a22000977a 4500
999 _c16002
_d16002
003 OSt
008 191025b ||||| |||| 00| 0 eng d
100 _aJoseph,Chervathur.
_94464
245 _aAnnakutty
942 _cBK